| 000 | 00490nam a2200181Ia 4500 | ||
|---|---|---|---|
| 003 | GCL | ||
| 008 | 140319s9999 xx 000 0 ara d | ||
| 040 |
_aGCL / _cGCL |
||
| 082 | 0 | 4 |
_a966.4 _bم س |
| 100 | 1 | _aمحمد اسماعيل محمد | |
| 245 | 1 | 0 |
_aسيراليون وليبريا / _cمحمد اسماعيل محمد |
| 300 | _a252 ص | ||
| 490 |
_aالالف كتاب _v0 |
||
| 650 | 0 | 4 | _aتاريخ |
| 650 | 0 | 4 | _aسيراليون |
| 650 | 0 | 4 | _aليبريا |
| 942 |
_2ddc _cBK |
||
| 999 |
_c42807 _d42807 |
||